[Event "2020 Australian Chess Championship"]
[Site "Sydney, Australia"]
[Date "2020.01.09"]
[Round "7.1"]
[White "Kuybokarov, Temur"]
[Black "Puccini, Jack"]
[Result "1-0"]
[WhiteElo "2523"]
[BlackElo "2265"]

1. e4 {[%clk 01:30:53]} {[%emt 00:13:49]} d5 {[%clk 01:30:37]} 2. exd5 Qxd5
{[%clk 01:30:59]} 3. Nc3 {[%clk 01:31:26]} {[%emt 00:00:07]} Qd8 {[%clk
01:31:13]} {[%emt 00:00:15]} 4. d4 {[%clk 01:31:36]} {[%emt 00:00:22]} Nf6
{[%clk 01:31:33]} {[%emt 00:00:10]} 5. Nf3 {[%clk 01:31:49]} {[%emt 00:00:17]}
Bg4 {[%clk 01:31:44]} {[%emt 00:00:19]} 6. h3 {[%clk 01:31:44]} {[%emt
00:00:35]} Bxf3 {[%clk 01:32:05]} {[%emt 00:00:11]} 7. Qxf3 {[%clk 01:31:59]}
{[%emt 00:00:17]} c6 {[%clk 01:32:26]} {[%emt 00:00:06]} 8. Be3 {[%clk
01:32:00]} {[%emt 00:00:57]} e6 {[%clk 01:32:42]} 9. a3 {[%clk 01:32:10]}
{[%emt 00:00:25]} Nbd7 {[%clk 01:29:35]} {[%emt 00:03:19]} 10. O-O-O {[%clk
01:31:53]} {[%emt 00:00:47]} Nb6 {[%clk 01:12:36]} {[%emt 00:17:33]} 11. Kb1
{[%clk 01:17:50]} {[%emt 00:14:29]} Nbd5 {[%clk 01:07:42]} {[%emt 00:05:23]} 12.
Bc1 {[%clk 01:11:22]} {[%emt 00:06:59]} Nxc3+ {[%clk 01:03:15]} {[%emt
00:04:59]} 13. Qxc3 {[%clk 01:11:27]} {[%emt 00:00:25]} Nd5 {[%clk 01:00:54]}
{[%emt 00:02:50]} 14. Qe1 {[%clk 00:49:47]} {[%emt 00:22:09]} b5 {[%clk
00:59:56]} {[%emt 00:01:29]} 15. f4 {[%clk 00:49:01]} {[%emt 00:01:17]} Be7
{[%clk 00:52:46]} {[%emt 00:07:39]} 16. g4 {[%clk 00:45:01]} {[%emt 00:04:29]}
O-O {[%clk 00:47:18]} {[%emt 00:05:59]} 17. c3 {[%clk 00:37:53]} {[%emt
00:07:38]} a5 {[%clk 00:44:11]} {[%emt 00:03:37]} 18. Bd3 {[%clk 00:36:24]}
{[%emt 00:01:58]} Qb6 {[%clk 00:39:48]} {[%emt 00:04:54]} 19. h4 {[%emt
00:06:30]} Rfb8 {[%clk 00:35:08]} {[%emt 00:05:05]} 20. Qe5 {[%clk 00:27:08]}
Nf6 {[%clk 00:31:47]} {[%emt 00:07:42]} 21. Qe2 {[%clk 00:25:43]} b4 {[%clk
00:23:06]} {[%emt 00:11:06]} 22. g5 {[%clk 00:25:43]} {[%emt 00:00:30]} Nd5
{[%clk 00:23:10]} {[%emt 00:00:26]} 23. c4 {[%clk 00:15:14]} {[%emt 00:11:00]}
bxa3 {[%clk 00:22:57]} {[%emt 00:00:42]} 24. cxd5 {[%clk 00:15:38]} axb2 {[%clk
00:22:57]} {[%emt 00:00:37]} 25. Bxb2 {[%clk 00:15:27]} Ba3 {[%clk 00:13:18]}
{[%emt 00:10:50]} 26. Rd2 {[%clk 00:15:45]} Bxb2 {[%clk 00:09:36]} {[%emt
00:04:24]} 27. Rxb2 Qxd4 {[%clk 00:09:34]} 28. Rd1 {[%clk 00:16:24]} {[%emt
00:00:15]} Qa4 {[%clk 00:08:02]} {[%emt 00:02:02]} 29. dxe6 {[%clk 00:14:32]}
{[%emt 00:02:22]} Rxb2+ {[%clk 00:07:43]} {[%emt 00:00:50]} 30. Kxb2 {[%clk
00:14:57]} {[%emt 00:00:04]} Rb8+ {[%clk 00:03:12]} {[%emt 00:05:00]} 31. Kc1
{[%clk 00:15:22]} {[%emt 00:00:06]} Qa3+ {[%clk 00:01:50]} {[%emt 00:01:52]} 32.
Kd2 {[%clk 00:15:44]} {[%emt 00:00:06]} Qb4+ {[%clk 00:01:51]} {[%emt
00:00:30]} 33. Ke3 {[%clk 00:16:06]} {[%emt 00:00:08]} Re8 {[%clk 00:02:07]}
{[%emt 00:00:13]} 34. Bxh7+ {[%clk 00:14:11]} {[%emt 00:02:25]} Kf8 {[%clk
00:01:45]} {[%emt 00:00:52]} 35. Be4 {[%clk 00:12:26]} {[%emt 00:02:14]} Rxe6
{[%clk 00:01:53]} {[%emt 00:00:23]} 36. Qd3 {[%clk 00:12:36]} {[%emt 00:00:20]}
Qb6+ {[%clk 00:00:44]} {[%emt 00:01:39]} 37. Kf3 {[%clk 00:13:00]} {[%emt
00:00:06]} Re8 {[%clk 00:00:39]} {[%emt 00:00:35]} 38. Qd6+ {[%clk 00:13:25]}
{[%emt 00:00:05]} Kg8 {[%clk 00:01:02]} {[%emt 00:00:07]} 39. Qxc6 {[%clk
00:13:49]} {[%emt 00:00:06]} 1-0

[Event "2020 Australian Chess Championship"]
[Site "Sydney, Australia"]
[Date "2020.01.09"]
[Round "7.2"]
[White "McClymont, Brodie"]
[Black "Wallis, Christopher"]
[Result "1/2-1/2"]
[WhiteElo "2421"]
[BlackElo "2322"]

1. e4 {[%clk 01:30:57]} {[%emt 01:53:52]} e5 {[%clk 01:30:51]} 2. Nf3 {[%clk
01:31:22]} Nc6 {[%clk 01:31:14]} 3. Bb5 {[%clk 01:31:48]} a6 {[%clk 01:31:37]}
{[%emt 00:00:05]} 4. Ba4 {[%clk 01:32:14]} {[%emt 00:00:04]} Nf6 {[%clk
01:32:00]} {[%emt 00:00:06]} 5. O-O {[%clk 01:32:37]} {[%emt 00:00:06]} Be7
{[%clk 01:32:23]} {[%emt 00:00:08]} 6. Re1 {[%clk 01:33:01]} {[%emt 00:00:05]}
b5 {[%clk 01:32:47]} {[%emt 00:00:07]} 7. Bb3 {[%clk 01:32:38]} {[%emt
00:00:53]} d6 {[%clk 01:33:09]} {[%emt 00:00:08]} 8. c3 {[%clk 01:32:58]}
{[%emt 00:00:13]} O-O {[%clk 01:33:31]} {[%emt 00:00:07]} 9. h3 {[%clk
01:33:22]} {[%emt 00:00:04]} Bb7 {[%clk 01:33:40]} {[%emt 00:00:21]} 10. d4
{[%clk 01:33:46]} {[%emt 00:00:06]} Re8 {[%clk 01:33:57]} {[%emt 00:00:25]} 11.
Nbd2 {[%clk 01:33:54]} {[%emt 00:00:09]} Bf8 {[%clk 01:34:15]} {[%emt
00:00:23]} 12. a4 {[%clk 01:33:24]} {[%emt 00:00:57]} h6 {[%clk 01:34:08]}
{[%emt 00:00:30]} 13. Bc2 {[%clk 01:33:40]} {[%emt 00:01:22]} exd4 14. cxd4
{[%clk 01:34:05]} Nb4 {[%clk 01:34:33]} 15. Bb1 {[%clk 01:34:25]} c5 {[%clk
01:34:52]} 16. d5 {[%clk 01:34:51]} Nd7 {[%clk 01:35:11]} {[%emt 00:00:08]} 17.
Ra3 {[%clk 01:35:15]} c4 {[%clk 01:35:23]} {[%emt 00:00:24]} 18. Nd4 {[%clk
01:27:30]} Qf6 {[%clk 01:35:16]} {[%emt 00:09:04]} 19. Nf5 {[%clk 01:14:01]}
Ne5 {[%clk 01:16:00]} {[%emt 00:33:33]} 20. Rg3 {[%clk 01:10:32]} Ned3 {[%clk
01:05:38]} {[%emt 00:14:52]} 21. Ree3 {[%clk 01:05:56]} Kh8 {[%clk 00:49:35]}
{[%emt 00:21:39]} 22. Nf3 {[%clk 00:38:54]} Nxc1 {[%clk 00:30:43]} {[%emt
00:46:55]} 23. Qxc1 {[%emt 00:12:29]} Nd3 24. Bxd3 {[%clk 00:29:45]} {[%emt
00:06:23]} cxd3 {[%clk 00:22:51]} {[%emt 00:00:08]} 25. N5d4 {[%clk 00:25:40]}
{[%emt 00:04:36]} Rac8 {[%clk 00:20:32]} {[%emt 00:02:47]} 26. Nc6 {[%clk
00:24:12]} {[%emt 00:01:59]} bxa4 {[%clk 00:18:35]} {[%emt 00:02:28]} 27. Nd2
{[%clk 00:23:43]} Bxc6 {[%clk 00:14:32]} {[%emt 00:05:32]} 28. dxc6 {[%clk
00:24:10]} Re5 {[%clk 00:14:12]} {[%emt 00:00:53]} 29. Qc3 {[%clk 00:21:21]}
Qe6 {[%clk 00:12:13]} {[%emt 00:05:48]} 30. Rxd3 {[%clk 00:16:23]} Rc5 {[%clk
00:11:36]} {[%emt 00:06:34]} 31. Qd4 {[%clk 00:16:48]} R8xc6 {[%clk 00:11:07]}
{[%emt 00:01:05]} 32. Qxa4 {[%clk 00:17:03]} d5 {[%emt 00:03:06]} 33. Rge3 Rc1+
34. Nf1 dxe4 {[%clk 00:08:46]} 35. Rxe4 {[%clk 00:07:42]} {[%emt 00:17:48]} Qc8
{[%clk 00:02:12]} {[%emt 00:01:07]} 36. Rde3 {[%clk 00:05:15]} {[%emt
00:02:58]} R1c4 {[%clk 00:01:03]} {[%emt 00:01:42]} 37. Rxc4 {[%clk 00:05:41]}
Rxc4 {[%clk 00:01:29]} {[%emt 00:01:55]} 38. Qb3 {[%clk 00:04:03]} {[%emt
00:00:16]} Kg8 {[%clk 00:01:29]} {[%emt 00:00:29]} 39. Rf3 {[%clk 00:04:22]}
{[%emt 00:00:12]} Qc7 {[%clk 00:01:31]} {[%emt 00:00:27]} 40. g3 {[%clk
00:03:54]} {[%emt 00:00:57]} Rb4 {[%clk 00:01:24]} {[%emt 00:00:36]} 41. Qd3
{[%emt 00:04:41]} Rxb2 {[%emt 00:03:34]} 1/2-1/2

[Event "2020 Australian Chess Championship"]
[Site "Sydney, Australia"]
[Date "2020.01.09"]
[Round "7.4"]
[White "Zhang, Jilin"]
[Black "Ikeda, Junta"]
[Result "0-1"]
[WhiteElo "2237"]
[BlackElo "2438"]

1. e4 {[%clk 01:30:58]} {[%emt 02:10:29]} g6 {[%clk 01:30:55]} 2. d4 {[%clk
01:31:14]} {[%emt 00:00:03]} Bg7 {[%clk 01:31:21]} {[%emt 00:00:05]} 3. Nc3
{[%clk 01:31:32]} {[%emt 00:00:12]} d6 {[%clk 01:31:46]} {[%emt 00:00:04]} 4.
Nf3 {[%clk 01:30:56]} {[%emt 00:01:07]} a6 {[%clk 01:30:43]} {[%emt 00:01:40]}
5. a4 {[%clk 01:30:46]} {[%emt 00:01:03]} b6 {[%clk 01:29:43]} {[%emt
00:01:00]} 6. Be3 {[%clk 01:30:46]} {[%emt 00:01:17]} e6 {[%clk 01:24:46]}
{[%emt 00:06:13]} 7. Qd2 {[%clk 01:29:01]} {[%emt 00:00:43]} h6 {[%clk
01:22:53]} {[%emt 00:02:41]} 8. Bd3 {[%clk 01:27:40]} {[%emt 00:01:33]} Ne7
{[%clk 01:22:56]} {[%emt 00:00:34]} 9. h4 {[%clk 01:20:34]} {[%emt 00:07:32]}
Nd7 {[%clk 01:22:10]} {[%emt 00:02:26]} 10. h5 {[%clk 01:13:58]} {[%emt
00:05:53]} g5 {[%clk 01:22:00]} {[%emt 00:00:40]} 11. Ne2 {[%clk 01:08:24]}
{[%emt 00:06:04]} c5 {[%clk 01:12:00]} {[%emt 00:10:31]} 12. c3 {[%clk
01:05:48]} {[%emt 00:03:05]} Qc7 {[%clk 00:57:39]} {[%emt 00:18:40]} 13. Ng3
{[%clk 01:02:18]} {[%emt 00:00:10]} Bb7 {[%clk 00:55:32]} {[%emt 00:02:37]} 14.
Qe2 {[%clk 00:53:56]} {[%emt 00:08:52]} Nf6 {[%clk 00:41:17]} {[%emt 00:14:46]}
15. Nd2 {[%clk 00:47:04]} {[%emt 00:07:22]} Nc6 {[%clk 00:35:34]} {[%emt
00:06:13]} 16. Nc4 {[%clk 00:38:00]} {[%emt 00:09:34]} cxd4 {[%clk 00:33:38]}
{[%emt 00:02:26]} 17. cxd4 {[%clk 00:38:22]} {[%emt 00:00:08]} d5 {[%clk
00:33:23]} {[%emt 00:00:46]} 18. exd5 {[%clk 00:27:07]} {[%emt 00:11:46]} Nxd5
{[%clk 00:33:41]} {[%emt 00:00:12]} 19. Ne4 {[%clk 00:21:49]} {[%emt 00:05:48]}
Nxd4 {[%clk 00:25:43]} {[%emt 00:08:28]} 20. Ned6+ {[%clk 00:18:53]} {[%emt
00:03:27]} Kf8 {[%clk 00:25:35]} {[%emt 00:00:38]} 21. Bxd4 {[%clk 00:19:17]}
{[%emt 00:00:06]} Bxd4 {[%clk 00:25:45]} {[%emt 00:00:20]} 22. Nxb7 {[%clk
00:19:03]} {[%emt 00:00:44]} Qxb7 {[%clk 00:25:50]} {[%emt 00:00:25]} 23. Be4
{[%clk 00:18:52]} {[%emt 00:00:40]} Qe7 {[%clk 00:15:11]} {[%emt 00:11:09]} 24.
Bxd5 {[%clk 00:08:27]} {[%emt 00:10:56]} exd5 {[%clk 00:14:30]} {[%emt
00:01:11]} 25. Qxe7+ {[%clk 00:08:18]} {[%emt 00:00:39]} Kxe7 {[%clk 00:14:56]}
{[%emt 00:00:04]} 26. O-O-O {[%clk 00:08:01]} {[%emt 00:00:46]} Rhc8 {[%clk
00:08:49]} {[%emt 00:06:37]} 27. Rxd4 {[%clk 00:06:14]} {[%emt 00:02:17]} Rxc4+
{[%clk 00:09:14]} {[%emt 00:00:06]} 28. Rxc4 {[%clk 00:06:40]} {[%emt
00:00:05]} dxc4 {[%clk 00:09:41]} {[%emt 00:00:03]} 29. Kc2 {[%clk 00:02:46]}
{[%emt 00:04:23]} Rd8 {[%clk 00:09:00]} {[%emt 00:01:10]} 30. Rh3 {[%clk
00:02:38]} {[%emt 00:00:38]} f5 {[%clk 00:08:16]} {[%emt 00:01:15]} 31. Kc3
{[%clk 00:02:32]} {[%emt 00:00:36]} b5 {[%clk 00:08:14]} {[%emt 00:00:31]} 32.
axb5 {[%clk 00:02:49]} {[%emt 00:00:13]} axb5 {[%clk 00:08:40]} {[%emt
00:00:04]} 33. Re3+ {[%clk 00:02:59]} {[%emt 00:00:20]} Kf6 {[%clk 00:08:41]}
{[%emt 00:00:30]} 34. f3 {[%clk 00:01:33]} {[%emt 00:01:56]} f4 {[%clk
00:07:11]} {[%emt 00:01:59]} 35. Re1 {[%clk 00:01:12]} {[%emt 00:00:51]} Rd3+
{[%clk 00:07:19]} {[%emt 00:00:23]} 36. Kc2 {[%clk 00:01:29]} {[%emt 00:00:12]}
Re3 {[%clk 00:06:21]} {[%emt 00:01:28]} 37. Ra1 {[%clk 00:01:49]} {[%emt
00:00:12]} Re2+ {[%clk 00:04:52]} {[%emt 00:03:18]} 38. Kc3 {[%clk 00:02:16]}
Rxg2 {[%clk 00:04:19]} 39. Ra6+ {[%clk 00:02:03]} {[%emt 00:00:28]} Kg7 {[%clk
00:01:49]} {[%emt 00:03:00]} 40. Ra7+ {[%clk 00:01:36]} {[%emt 00:00:57]} Kf8
{[%clk 00:01:13]} {[%emt 00:01:06]} 41. Rh7 {[%clk 00:22:23]} {[%emt 00:09:43]}
g4 {[%clk 00:16:11]} {[%emt 00:15:32]} 42. Rxh6 {[%clk 00:14:52]} {[%emt
00:08:01]} Kf7 {[%clk 00:14:47]} {[%emt 00:01:57]} 43. fxg4 {[%clk 00:11:27]}
{[%emt 00:03:52]} f3 {[%clk 00:15:11]} {[%emt 00:00:06]} 44. Rh7+ {[%clk
00:11:27]} {[%emt 00:00:29]} Kf6 {[%clk 00:09:07]} {[%emt 00:06:34]} 45. Rh6+
{[%clk 00:11:46]} {[%emt 00:00:11]} Kg5 {[%clk 00:04:05]} {[%emt 00:05:32]} 46.
Rg6+ {[%clk 00:10:14]} {[%emt 00:02:02]} Kf4 {[%clk 00:04:25]} {[%emt
00:00:10]} 47. h6 {[%clk 00:07:47]} {[%emt 00:02:57]} f2 {[%clk 00:04:25]}
{[%emt 00:00:29]} 48. Rf6+ {[%clk 00:04:00]} {[%emt 00:04:17]} Ke3 {[%clk
00:04:16]} {[%emt 00:00:39]} 49. h7 {[%clk 00:00:34]} {[%emt 00:03:57]} Rh2
{[%clk 00:04:40]} {[%emt 00:00:06]} 50. Kb4 {[%clk 00:00:34]} {[%emt 00:00:30]}
Rxh7 {[%clk 00:04:24]} {[%emt 00:00:46]} 51. Kxb5 {[%clk 00:00:56]} {[%emt
00:00:08]} Rg7 {[%clk 00:03:57]} {[%emt 00:00:57]} 0-1

[Event "2020 Australian Chess Championship"]
[Site "Sydney, Australia"]
[Date "2020.01.09"]
[Round "7.5"]
[White "Hu, Jason"]
[Black "Solomon, Stephen J"]
[Result "1-0"]
[WhiteElo "2159"]
[BlackElo "2319"]

1. d4 {[%clk 01:30:21]} {[%emt 00:00:37]} d5 {[%clk 01:30:28]} {[%emt
00:00:29]} 2. Nf3 {[%clk 01:30:41]} {[%emt 00:00:08]} e6 {[%clk 01:30:21]}
{[%emt 00:00:39]} 3. g3 {[%clk 01:31:07]} {[%emt 00:00:09]} c5 {[%clk
01:29:38]} {[%emt 00:01:25]} 4. Bg2 {[%clk 01:31:21]} {[%emt 00:00:03]} Nc6
{[%clk 01:29:57]} {[%emt 00:00:11]} 5. O-O {[%clk 01:31:42]} {[%emt 00:00:18]}
Nf6 {[%clk 01:24:13]} {[%emt 00:09:16]} 6. c4 {[%clk 01:31:50]} dxc4 {[%clk
01:22:53]} 7. dxc5 {[%clk 01:23:02]} {[%emt 00:09:04]} Bxc5 {[%clk 01:20:52]}
{[%emt 00:01:49]} 8. Qxd8+ {[%clk 01:22:55]} {[%emt 00:00:36]} Kxd8 {[%clk
01:20:55]} {[%emt 00:00:26]} 9. Nbd2 {[%clk 01:18:23]} {[%emt 00:05:02]} c3
{[%clk 00:52:45]} {[%emt 00:28:41]} 10. bxc3 {[%clk 01:17:29]} {[%emt
00:01:24]} Ke7 {[%clk 00:53:00]} {[%emt 00:00:16]} 11. Nb3 {[%clk 01:13:52]}
{[%emt 00:04:06]} Bd6 {[%clk 00:52:47]} {[%emt 00:00:43]} 12. Nfd4 {[%clk
01:11:41]} {[%emt 00:02:44]} Bd7 {[%clk 00:39:45]} {[%emt 00:13:29]} 13. Nb5
{[%clk 01:06:40]} {[%emt 00:05:30]} a6 {[%clk 00:35:02]} {[%emt 00:05:14]} 14.
Nxd6 {[%clk 01:06:17]} {[%emt 00:00:53]} Kxd6 {[%clk 00:35:25]} {[%emt
00:00:07]} 15. Rd1+ {[%clk 01:00:44]} {[%emt 00:06:03]} Kc7 {[%clk 00:35:38]}
{[%emt 00:00:19]} 16. Bf4+ {[%clk 00:59:29]} {[%emt 00:01:43]} e5 {[%emt
00:02:06]} 17. Bxc6 {[%emt 00:01:09]} exf4 {[%clk 00:35:00]} {[%emt 00:00:02]}
18. Bxd7 {[%clk 00:58:37]} {[%emt 00:00:13]} Nxd7 {[%clk 00:35:16]} {[%emt
00:00:14]} 19. gxf4 {[%clk 00:58:59]} {[%emt 00:00:09]} Rhe8 {[%clk 00:32:01]}
{[%emt 00:03:44]} 20. e3 {[%clk 00:58:45]} {[%emt 00:00:44]} Re7 {[%clk
00:30:08]} {[%emt 00:02:23]} 21. Rd4 {[%clk 00:58:47]} {[%emt 00:00:27]} Rae8
{[%clk 00:29:53]} {[%emt 00:00:46]} 22. Rb1 {[%clk 00:53:53]} {[%emt 00:05:24]}
Re6 {[%clk 00:21:56]} {[%emt 00:08:29]} 23. Rbd1 {[%clk 00:49:38]} {[%emt
00:04:44]} R8e7 {[%clk 00:15:46]} {[%emt 00:06:40]} 24. Rxd7+ {[%clk 00:31:58]}
{[%emt 00:18:10]} Rxd7 {[%clk 00:16:06]} {[%emt 00:00:10]} 25. Rxd7+ {[%clk
00:32:25]} {[%emt 00:00:04]} Kxd7 {[%clk 00:16:27]} {[%emt 00:00:09]} 26. Nc5+
{[%clk 00:32:51]} {[%emt 00:00:03]} Kc6 {[%clk 00:16:35]} {[%emt 00:00:23]} 27.
Nxe6 {[%clk 00:33:15]} {[%emt 00:00:06]} fxe6 {[%clk 00:16:58]} {[%emt
00:00:07]} 28. Kf1 {[%clk 00:33:11]} {[%emt 00:00:33]} Kb5 {[%clk 00:17:19]}
{[%emt 00:00:10]} 29. Ke2 {[%clk 00:33:21]} {[%emt 00:00:20]} Ka4 {[%clk
00:17:21]} {[%emt 00:00:28]} 30. Kd3 {[%clk 00:26:39]} {[%emt 00:07:12]} Ka3
{[%clk 00:17:35]} {[%emt 00:00:16]} 31. f5 {[%clk 00:26:33]} {[%emt 00:00:35]}
exf5 {[%clk 00:16:19]} {[%emt 00:01:47]} 32. f3 {[%clk 00:26:41]} {[%emt
00:00:22]} Ka4 {[%clk 00:14:17]} {[%emt 00:02:32]} 33. Kc4 {[%clk 00:24:41]}
{[%emt 00:02:30]} Ka5 {[%clk 00:10:05]} {[%emt 00:04:43]} 34. Kc5 {[%clk
00:24:58]} {[%emt 00:00:13]} g5 {[%clk 00:08:24]} {[%emt 00:02:11]} 35. e4
{[%clk 00:21:19]} {[%emt 00:04:08]} f4 {[%clk 00:05:54]} {[%emt 00:03:00]} 36.
Kd4 {[%clk 00:12:26]} {[%emt 00:09:22]} Kb5 {[%clk 00:06:00]} {[%emt 00:00:25]}
37. Ke5 {[%clk 00:11:40]} {[%emt 00:01:16]} g4 {[%clk 00:05:19]} {[%emt
00:01:12]} 38. Kxf4 {[%clk 00:12:03]} {[%emt 00:00:07]} gxf3 {[%clk 00:05:42]}
{[%emt 00:00:07]} 39. Kxf3 {[%clk 00:12:28]} {[%emt 00:00:05]} Kc5 {[%clk
00:05:44]} {[%emt 00:00:28]} 40. Kf4 {[%clk 00:12:50]} {[%emt 00:00:08]} Kd6
{[%clk 00:06:09]} {[%emt 00:00:05]} 41. Kf5 {[%clk 00:13:12]} {[%emt 00:00:08]}
Ke7 {[%clk 00:06:31]} {[%emt 00:00:07]} 42. Ke5 {[%clk 00:13:28]} {[%emt
00:00:14]} a5 {[%clk 00:06:14]} {[%emt 00:00:48]} 43. a4 {[%clk 00:13:37]}
{[%emt 00:00:20]} b5 {[%clk 00:06:18]} {[%emt 00:00:26]} 44. Kd4 {[%clk
00:07:34]} {[%emt 00:06:40]} bxa4 {[%clk 00:06:27]} {[%emt 00:01:55]} 45. c4
{[%clk 00:07:55]} Kd6 {[%clk 00:05:49]} 46. Kc3 {[%clk 00:07:53]} {[%emt
00:00:08]} h5 {[%clk 00:06:12]} {[%emt 00:00:08]} 47. Kb2 {[%clk 00:07:40]}
{[%emt 00:00:42]} h4 {[%clk 00:06:35]} {[%emt 00:00:07]} 48. h3 {[%clk
00:06:40]} {[%emt 00:01:31]} Kc5 {[%clk 00:05:14]} {[%emt 00:01:50]} 49. e5
{[%clk 00:06:57]} {[%emt 00:00:13]} 1-0

[Event "2020 Australian Chess Championship"]
[Site "Sydney, Australia"]
[Date "2020.01.09"]
[Round "7.6"]
[White "O`Chee, Kevin"]
[Black "Kethro, Michael"]
[Result "1/2-1/2"]
[WhiteElo "2156"]
[BlackElo "2093"]

1. d4 {[%clk 01:30:48]} d5 {[%clk 01:30:47]} 2. c4 {[%clk 01:31:13]} e6 {[%clk
01:30:59]} {[%emt 00:00:06]} 3. Nc3 {[%clk 01:31:21]} {[%emt 00:00:21]} Be7
{[%clk 01:31:02]} {[%emt 00:00:26]} 4. Bf4 {[%clk 01:30:47]} {[%emt 00:01:05]}
Nf6 {[%clk 01:30:47]} {[%emt 00:00:49]} 5. e3 {[%clk 01:31:11]} {[%emt
00:00:02]} O-O {[%clk 01:31:01]} {[%emt 00:00:29]} 6. Rc1 {[%clk 01:30:38]}
{[%emt 00:00:57]} c5 {[%clk 01:26:16]} {[%emt 00:07:29]} 7. dxc5 {[%clk
01:30:30]} Bxc5 {[%clk 01:21:35]} {[%emt 00:03:28]} 8. cxd5 {[%clk 01:30:12]}
{[%emt 00:00:49]} exd5 {[%clk 01:21:00]} {[%emt 00:01:04]} 9. Nf3 {[%clk
01:25:44]} {[%emt 00:05:02]} Nc6 {[%clk 01:15:49]} {[%emt 00:05:40]} 10. Nxd5
{[%clk 01:19:19]} {[%emt 00:06:53]} Nxd5 {[%clk 01:12:21]} {[%emt 00:03:58]} 11.
Rxc5 {[%clk 01:19:23]} {[%emt 00:00:26]} Nxf4 {[%clk 01:11:55]} {[%emt
00:00:56]} 12. Qxd8 {[%clk 01:18:47]} {[%emt 00:01:06]} Rxd8 {[%clk 01:09:54]}
{[%emt 00:02:31]} 13. exf4 {[%clk 01:18:59]} {[%emt 00:00:17]} Re8+ {[%clk
01:08:07]} {[%emt 00:02:18]} 14. Be2 {[%clk 01:16:24]} {[%emt 00:03:05]} Bg4
{[%clk 01:05:07]} {[%emt 00:03:30]} 15. Kf1 {[%clk 01:15:58]} {[%emt 00:00:56]}
Rad8 {[%clk 01:02:47]} {[%emt 00:02:49]} 16. a3 {[%clk 01:13:56]} {[%emt
00:02:33]} Nd4 {[%clk 00:49:07]} {[%emt 00:14:09]} 17. Bd1 {[%clk 01:08:47]}
{[%emt 00:05:38]} Ne6 {[%clk 00:31:56]} {[%emt 00:17:42]} 18. Rc1 {[%clk
01:08:53]} {[%emt 00:00:24]} Nxf4 {[%clk 00:30:29]} {[%emt 00:01:57]} 19. h3
{[%clk 01:06:53]} {[%emt 00:02:30]} Bf5 {[%clk 00:29:12]} {[%emt 00:01:45]} 20.
Kg1 {[%clk 00:56:59]} {[%emt 00:10:27]} Nd3 {[%clk 00:26:31]} {[%emt 00:03:11]}
21. Rc7 {[%clk 00:53:53]} {[%emt 00:03:35]} Rc8 {[%clk 00:22:55]} {[%emt
00:04:06]} 22. Rxc8 {[%clk 00:49:23]} {[%emt 00:05:01]} Rxc8 {[%clk 00:22:52]}
{[%emt 00:00:33]} 23. Nd4 {[%clk 00:47:22]} {[%emt 00:02:31]} Rc1 {[%clk
00:17:38]} {[%emt 00:05:43]} 24. Nxf5 {[%clk 00:43:54]} {[%emt 00:03:58]} Rxd1+
{[%clk 00:17:25]} {[%emt 00:00:43]} 25. Kh2 {[%clk 00:44:17]} {[%emt 00:00:06]}
Rxh1+ {[%clk 00:10:00]} {[%emt 00:07:55]} 26. Kxh1 {[%clk 00:44:40]} {[%emt
00:00:07]} Nxb2 {[%clk 00:09:21]} {[%emt 00:01:10]} 27. Nd6 {[%clk 00:44:22]}
{[%emt 00:00:48]} b6 {[%clk 00:09:24]} {[%emt 00:00:27]} 28. Kg1 {[%clk
00:44:37]} {[%emt 00:00:16]} Kf8 {[%clk 00:07:13]} {[%emt 00:02:41]} 29. Kf1
{[%clk 00:44:39]} {[%emt 00:00:27]} Ke7 {[%clk 00:04:44]} {[%emt 00:02:59]} 30.
Nc8+ {[%clk 00:44:43]} {[%emt 00:00:25]} Kd7 {[%clk 00:03:56]} {[%emt
00:01:16]} 31. Nxa7 {[%clk 00:45:06]} {[%emt 00:00:09]} Nc4 {[%clk 00:03:54]}
{[%emt 00:00:33]} 32. Nb5 {[%clk 00:40:53]} {[%emt 00:04:43]} Kc6 {[%clk
00:03:43]} {[%emt 00:00:41]} 33. a4 {[%clk 00:35:53]} {[%emt 00:05:31]} Kc5
{[%clk 00:02:24]} {[%emt 00:01:48]} 34. Ke2 {[%clk 00:36:01]} {[%emt 00:00:21]}
Nb2 {[%clk 00:02:08]} {[%emt 00:00:45]} 35. Nc3 {[%clk 00:35:43]} {[%emt
00:00:49]} Kc4 {[%clk 00:01:34]} {[%emt 00:01:04]} 36. Kd2 {[%clk 00:30:53]}
{[%emt 00:05:22]} Kb3 {[%clk 00:01:14]} {[%emt 00:00:50]} 37. Ne4 {[%clk
00:31:14]} {[%emt 00:00:09]} Nxa4 {[%clk 00:01:20]} {[%emt 00:00:25]} 38. Ng5
{[%clk 00:30:19]} {[%emt 00:01:24]} b5 {[%clk 00:00:54]} {[%emt 00:00:57]} 39.
Nxf7 {[%clk 00:28:37]} {[%emt 00:02:11]} b4 {[%clk 00:01:01]} {[%emt 00:00:24]}
40. Nd6 {[%clk 00:28:21]} {[%emt 00:00:46]} Nb6 {[%clk 00:00:42]} {[%emt
00:00:50]} 41. Ne4 {[%clk 00:17:42]} {[%emt 00:11:08]} Nd5 {[%clk 00:15:46]}
{[%emt 00:15:25]} 42. g3 {[%emt 00:04:41]} Kc4 {[%clk 00:08:51]} {[%emt
00:07:03]} 43. Kc2 {[%clk 00:42:53]}
1/2-1/2